[Event "RN-2016-0-01125"]
[Site "LSS email"]
[Date "2016.04.18"]
[Round "?"]
[White "Ortiz, Juan Guillermo"]
[Black "Hinestroza, Douglas"]
[Result "0-1"]
[WhiteElo "429"]
[BlackElo "876"]
[PlyCount "68"]
[EventDate "2016.03.31"]
[EventType "tourn (corr)"]
[EventRounds "6"]
[EventCountry "GER"]
[SourceTitle "Corr 2022"]
[Source "ChessBase"]
[SourceDate "2021.10.24"]
[SourceVersion "1"]
[SourceVersionDate "2021.10.24"]
[SourceQuality "1"]

1. e4 e6 2. e5 d5 3. d4 c5 4. Nf3 cxd4 5. Qxd4 Nc6 6. Qa4 Bd7 7. Bb5 a6 8. Bxc6 Bxc6 9. Qf4 Bb5 10. Nc3 Qb6 11. Be3 Qc6 12. Ng5 Nh6 13. 0-0-0 Be7 14. h3 0-0 15. h4 Nf5 16. Nxh7 Kxh7 17. Qg4 Nxe3 18. fxe3 Qc4 19. Qxc4 Bxc4 20. g4 g6 21. h5 g5 22. b3 Bb4 23. Na4 Ba3+ 24. Kb1 Be2 25. Rd2 Bf3 26. Rg1 Rac8 27. Nb6 Rc6 28. Nd7 Rfc8 29. Nf6+ Kg7 30. Rh2 Kh6 31. Rg3 Bd1 32. Ng8+ Kg7 33. Ne7 Rxc2 34. h6+ Kh7 0-1